Statistics for Guess the Taylor Swift song with no hint 15

Click here to take the quiz!

General Stats

  • This quiz has been taken 797 times
    (787 since last reset)
  • The average score is 310 of 354

Answer Stats

Answer% Correct
I
100%
a
99%
you
99%
You
99%
an
97%
me
97%
the
97%
And
96%
and
96%
it?
96%
my
96%
(my
96%
(we
96%
we
96%
do
95%
do)
95%
in
95%
In
95%
is
95%
to
95%
be
94%
he
94%
He
94%
So
93%
so
93%
then
93%
for
92%
(go)
92%
go
92%
I'm
92%
that
92%
this
92%
Are
91%
are
91%
can
91%
know)
91%
know
91%
of
91%
how
90%
No
90%
(No
90%
see
90%
time
90%
was
90%
night
89%
one
89%
ready
89%
gon
88%
him
88%
if
88%
I'll
88%
like
88%
Like
88%
with
88%
baby
87%
Baby
87%
but
87%
But
87%
don't
87%
dreams)
87%
dreams
87%
middle
87%
saw
87%
should
87%
things
87%
first
86%
gonna
86%
has
86%
never
86%
Never
86%
take
86%
too
86%
all
85%
(mmm)
85%
Oh
85%
you'll
85%
Knew
84%
alone
83%
at
82%
down
82%
Let
82%
let
82%
man
82%
begin
81%
had
81%
island
81%
Island
81%
killer
81%
touch
81%
Touch
81%
(eh)
80%
left
80%
now
80%
games
79%
he's
79%
girls
78%
haunted
77%
(low)
77%
low
77%
many
77%
some
77%
Some
77%
Taylor
77%
Wonder
77%
breeze
76%
Every
76%
lights
76%
same
76%
try
76%
forever
75%
than
75%
though
75%
we'll
75%
hard
74%
loved
74%
sorry
74%
their
74%
boys
73%
ghost
73%
off
73%
saying
73%
tryin
73%
act
72%
phantom
72%
such
72%
better
71%
exes
71%
Holdin
71%
keep
71%
move
71%
nothing
71%
ransom
71%
vendetta-ta
71%
hearts
70%
robber
70%
Stealing
69%
very
69%
thief
68%
failure
67%
jailer
67%
join
67%
Younger
67%
forget
66%
heist
66%
names
66%
running
66%
lover
64%
tame
64%
known
63%
Burton
62%
comparison
62%

Score Distribution

Percentile by Number Answered

Percent of People with Each Score

Your Score History

You have not taken this quiz since the last reset